Running meetings : Lead with confidence, move your project forward, manage conflicts.
Whether you need a crash course or a brief refresher, each book in the series is a concise, practical primer that will help you brush up on a key management topic. Advice you can quickly read and apply, for ambitious professionals and aspiring executives--from the most trusted source in business.
Đã lưu trong:
| Định dạng: | Sách |
|---|---|
| Ngôn ngữ: | Undetermined |
| Được phát hành: |
Boston
Harvard Business Review Press
2014
|
| Những chủ đề: | |
| Các nhãn: |
Thêm thẻ
Không có thẻ, Là người đầu tiên thẻ bản ghi này!
|
| Thư viện lưu trữ: | Trung tâm Học liệu Trường Đại học Cần Thơ |
|---|
| LEADER | 00812nam a2200169Ia 4500 | ||
|---|---|---|---|
| 001 | CTU_225012 | ||
| 008 | 210402s9999 xx 000 0 und d | ||
| 082 | |a 658.456 | ||
| 082 | |b R943 | ||
| 245 | 0 | |a Running meetings : | |
| 245 | 0 | |b Lead with confidence, move your project forward, manage conflicts. | |
| 260 | |a Boston | ||
| 260 | |b Harvard Business Review Press | ||
| 260 | |c 2014 | ||
| 520 | |a Whether you need a crash course or a brief refresher, each book in the series is a concise, practical primer that will help you brush up on a key management topic. Advice you can quickly read and apply, for ambitious professionals and aspiring executives--from the most trusted source in business. | ||
| 650 | |a Business meetings,Cuộc họp kinh doanh | ||
| 980 | |a Trung tâm Học liệu Trường Đại học Cần Thơ | ||